000 00779nam a2200193 a 4500
003 0
005 20250430110439.0
008 050808s19uu xx 00 eng d
050 _aPHS TX 357
_b.P37 2005
100 _aPascual, Abraham James C.
245 _aStudy on the awareness of teenagers on exotic food preparations and on its effects to ecological balance /
_cAbraham James C. Pascual.
260 _aLas PiƱas City, Philippines :
_bSouthville International School and Colleges,
_c2005.
300 _a22 pages :
_billustrations ;
_c28 cm.
504 _aIncludes bibliographical references.
650 _2Library of Congress Subject Headings
_aExotic foods
_xEnvironmental aspects.
650 _aFood habits
_xEnvironmental aspects.
942 _2lcc
_cPASS
999 _c97284
_d97284